000 00900nas a2200277 4500
001 BR2014002649
003 BR-BrBNA
005 20231205124006.0
007 ta
008 230509b bl.|||p| |||| 00| 00por d
040 _aBR-BrBNA
_bpor
_cBiblioteca Nacional de Agricultura
041 _a(Pt)
072 _aF06
100 1 _aMingoti, R.
100 1 _aFlecha, P.A.N.
100 1 _aDuarte, S.N.
100 1 _aCruciani, D.E.
245 1 _aEfeito de velocidades de rebaixamento do nível freático em diferentes períodos de desenvolvimento da cultura da alface
650 _aLACTUCA SATIVA
650 _aDRENAGEM
650 _aDEFICIÊNCIA HÍDRICA
650 _aINUNDAÇÃO
773 0 _tRevista Brasileira de Engenharia Agrícola e Ambiental (Brazil)
_xISSN 1415-4366
_g(Mar 2006), v. 10(1) p. 10-16
_wBR2014002649
909 _a202311
_bLúcia
_c55
_dLúcia Elande
942 _2AGRIS
_n0
_cANA
999 _c236793
_d236793